Bizón znehybnel vo vzduchu... literárna súťaž - Čítajte a poznávajte

Bibliographic Details
Corporate Author: Knižnica P. O. Hviezdoslava v Prešove (Author)
Format: Article
Language:Slovak
ISSN:1336-4030
Subjects:
Online Access:www.vecernik.po.sk

MARC

LEADER 00000nab a2200000 a 4500
001 vtls008700397
003 SK-MaSNL
005 20260304040315.0
008 060515c20060327xo dr n 000 00slo
038 |a SVKPOCL 
040 |a SVKPOCL  |b slo  |c AACR2  |e AACR2 
041 |a slo 
044 |a xo  |c SK 
080 |a 027.53  |2 2001 
080 |a 06.063  |2 2001 
245 0 0 |a Bizón znehybnel vo vzduchu...  |b literárna súťaž - Čítajte a poznávajte 
610 2 7 |a Knižnica P. O. Hviezdoslava v Prešove  |2 svkpocl  |9 74546 
610 2 7 |a Prešovský večerník.  |b Redakcia (Prešov, Slovensko)  |2 svkpocl  |9 1199528 
630 0 7 |a Čítajte a poznávajte (literárna súťaž)  |2 svkpocl  |9 1321077 
650 0 7 |a vedomostné súťaže  |2 svkpocl  |9 73818 
651 7 |a Prešov (Slovensko)  |2 svkpocl  |9 17347 
710 2 |a Knižnica P. O. Hviezdoslava v Prešove  |4 aut  |9 74546 
773 0 |t Prešovský večerník  |g Roč. XVII, č. 3923 (27.3.2006), s. 5  |x 1336-4030 
852 |a SVKPO  |b KIS3GCP 
856 4 1 |u www.vecernik.po.sk 
999 |c 2662613  |d 2664543